000 00593nam a2200169Ia 4500
008 090711s9999 xx 000 0 und d
082 _b76127
100 _aरामदासी मारुतीबुवा
245 _aदासबोध िंSाातनिका
260 _c1994
300 _a126
600 _aरामदासी मारुतीबुवा
630 _aदासबोध िंSाातनिका
700 _aरामदासी मारुतीबुवा
730 _aदासबोध िंSाातनिका
942 _cBOOK
999 _c281355
_d281355